Statistics for Alphabet backwards and counting down from 26

Click here to take the quiz!

General Stats

  • This quiz has been taken 11 times
  • The average score is 28 of 52

Answer Stats

HintAnswer% Correct
Number26
100%
Letterz
100%
Lettery
89%
19
78%
20
78%
21
78%
22
78%
23
78%
24
78%
Number25
78%
r
78%
s
78%
t
78%
u
78%
v
78%
w
78%
18
67%
l
67%
m
67%
n
67%
o
67%
p
67%
q
67%
Continuex
67%
17
56%
k
56%
12
44%
13
44%
14
44%
15
44%
16
44%
f
44%
g
44%
h
44%
i
44%
j
44%
10
33%
11
33%
7
33%
8
33%
9
33%
1
22%
2
22%
3
22%
4
22%
5
22%
6
22%
a
22%
b
22%
c
22%
d
22%
e
22%

Score Distribution

Percentile by Number Answered

Percent of People with Each Score

Your Score History

You have not taken this quiz